Statistical physics : (Record no. 29202)

000 -LEADER
fixed length control field 00512 a2200145 4500
020 ## - INTERNATIONAL STANDARD BOOK NUMBER
International Standard Book Number 818128125X
020 ## - INTERNATIONAL STANDARD BOOK NUMBER
International Standard Book Number 9788181281258
090 ## - LOCALLY ASSIGNED LC-TYPE CALL NUMBER (OCLC); LOCAL CALL NUMBER (RLIN)
-- 572
-- 572
100 1# - MAIN ENTRY--PERSONAL NAME
Personal name Honerkamp.J
245 10 - TITLE STATEMENT
Title Statistical physics :
Remainder of title an advanced approach with applications /
Statement of responsibility, etc. Honerkamp.
260 ## - PUBLICATION, DISTRIBUTION, ETC.
Place of publication, distribution, etc. [S.l.] :
Name of publisher, distributor, etc. Springer, India, Private Ltd,
Date of publication, distribution, etc. 2002.
300 ## - PHYSICAL DESCRIPTION
Extent 200 p.
942 ## - ADDED ENTRY ELEMENTS (KOHA)
Institution code [OBSOLETE] SNS
Koha item type Book
Call number prefix 530.13 HON
Holdings
Withdrawn status Lost status Damaged status Not for loan Permanent Location Current Location Date acquired Total Checkouts Full call number Barcode Date last seen Price effective from Koha item type
        School of Natural Sciences (SNS) School of Natural Sciences (SNS) 05/26/2016   530.13 HON SNS0000720 04/30/2018 05/26/2016 Book
© 2023 Central Library, National University of Sciences and Technology. All Rights Reserved.